New product sales forecasting bakalárska práca

Saved in:
Bibliographic Details
Main Author: Debnárová, Jana
Corporate Author: Fakulta podnikového manažmentu EU. Katedra podnikovohospodárska
Other Authors: Štetka, Peter, 1986-
Format: Book
Language:English
Published: Bratislava 2017
Tags: Add Tag
No Tags, Be the first to tag this record!

MARC

LEADER 00000nbm a2200000 4500
001 0232593
005 20171024101226.0
041 0 |a eng 
044 |a SK 
245 1 0 |a New product sales forecasting  |b bakalárska práca  |c Jana Debnárová ; školiteľ: Peter Štetka 
264 1 |a Bratislava  |c 2017 
300 |a 62 s. 
100 1 |a Debnárová, Jana 
700 1 |a Štetka, Peter, 1986- 
710 2 |a Fakulta podnikového manažmentu EU. Katedra podnikovohospodárska